| 000 | 00598nam a2200217Ia 4500 | ||
|---|---|---|---|
| 005 | 20241129120141.0 | ||
| 008 | 241129s9999||||xx |||||||||||||| ||und|| | ||
| 020 | _a9781630818708 | ||
| 037 | _aTB | ||
| 040 |
_aSDCL _beng _cSDCL |
||
| 041 |
_aeng _2eng |
||
| 084 |
_aD65,4:92, R2 _qSDCL |
||
| 100 |
_aMukherjee Biswajeet; Chauhan Monika _9729269 |
||
| 245 | 0 | _aDielectric resonator antenna | |
| 260 |
_aNorwood _bArtech House _c2021 |
||
| 300 | _aix,204p.+VP | ||
| 365 |
_aGBP _b124 |
||
| 650 | _aElectronic Science | ||
| 942 |
_cTB _hD65,4:92, R2 |
||
| 999 |
_c1233561 _d1233561 |
||